[Event "IV Open Internacional Calvia"]
[Site "Calvia"]
[Date "2007.10.17"]
[Round "3.66"]
[White "Edvardsen, Ingar"]
[Black "Dominguez Almansa, Flora"]
[Result "1-0"]
[WhiteElo "1941"]
[BlackElo "1408"]
[PlyCount "59"]
[EventDate "2007.??.??"]

1. e4 e5 2. Nf3 Nc6 3. Bb5 a6 4. Ba4 Nf6 5. O-O b5 6. Bb3 Be7 7. Re1 O-O 8. c3
d6 9. d4 Bg4 10. d5 Nb8 11. a4 Nbd7 12. a5 Re8 13. Nbd2 Bf8 14. h3 Bh5 15. Nf1
Nc5 16. Bc2 h6 17. b4 Ncd7 18. g4 Bg6 19. Ng3 Nh7 20. Kh1 Be7 21. Nf5 Bxf5 22.
gxf5 Ng5 23. Nxg5 Bxg5 24. Rg1 Bf6 25. Bxh6 g6 26. fxg6 Nf8 27. gxf7+ Kxf7 28.
Qh5+ Ke7 29. Bg7 Kd7 30. Qf5+ 1-0

[Event "IV Open Internacional Calvia"]
[Site "Calvia"]
[Date "2007.10.18"]
[Round "4.2"]
[White "Godena, Michele"]
[Black "Mchedlishvili, Mikheil"]
[Result "1/2-1/2"]
[WhiteElo "2535"]
[BlackElo "2631"]
[PlyCount "25"]
[EventDate "2007.??.??"]

1. e4 e5 2. Nf3 Nf6 3. Nxe5 d6 4. Nf3 Nxe4 5. Bd3 d5 6. Qe2 Qe7 7. O-O Nd6 8.
Re1 Qxe2 9. Bxe2 Be7 10. Nc3 c6 11. b3 O-O 12. Ba3 Rd8 13. Bf1 1/2-1/2

[Event "IV Open Internacional Calvia"]
[Site "Calvia"]
[Date "2007.10.18"]
[Round "4.4"]
[White "Mamedov, Rauf"]
[Black "Caspi, Israel"]
[Result "1-0"]
[WhiteElo "2582"]
[BlackElo "2377"]
[PlyCount "49"]
[EventDate "2007.??.??"]

1. Nf3 Nf6 2. c4 g6 3. b3 Bg7 4. Bb2 d6 5. d4 e5 6. dxe5 Nfd7 7. Nc3 dxe5 8.
Qd2 O-O 9. Rd1 Na6 10. g3 Nac5 11. Bh3 e4 12. Nh4 f5 13. O-O c6 14. b4 Na6 15.
Nxe4 Bxb2 16. Qxb2 fxe4 17. Be6+ Rf7 18. Rd6 Nc7 19. Bxf7+ Kxf7 20. f3 e3 21.
f4 Ne8 22. Qh8 Ke7 23. c5 Qc7 24. Qxh7+ Kd8 25. Nxg6 1-0

[Event "IV Open Internacional Calvia"]
[Site "Calvia"]
[Date "2007.10.18"]
[Round "4.5"]
[White "Wojtaszek, Radoslaw"]
[Black "Del Rio Angelis, Salvador G"]
[Result "1-0"]
[WhiteElo "2635"]
[BlackElo "2512"]
[PlyCount "79"]
[EventDate "2007.??.??"]

1. d4 e6 2. Nf3 Nf6 3. c4 c5 4. d5 d6 5. Nc3 exd5 6. cxd5 g6 7. Nd2 Nbd7 8. e4
Bg7 9. Nc4 Nb6 10. Ne3 O-O 11. Bd3 Rb8 12. O-O Na8 13. a4 Nh5 14. Be2 Nf4 15.
Bf3 Nb6 16. a5 Nd7 17. Nc4 Ne5 18. Nxd6 Nxg2 19. Bxg2 Qxd6 20. f4 Ng4 21. e5
Qd8 22. Ne4 b6 23. axb6 axb6 24. Nd6 Qh4 25. h3 Nh6 26. Qe1 Qxe1 27. Rxe1 Nf5
28. Nxc8 Rfxc8 29. d6 Nd4 30. Ra7 Nb5 31. Ra6 Nd4 32. Bd2 Rd8 33. Bd5 Rd7 34.
Rea1 g5 35. Ra7 Rxa7 36. Rxa7 Rf8 37. Rxf7 Rxf7 38. d7 Nc6 39. Bxc6 Rf8 40.
Bd5+ 1-0

[Event "IV Open Internacional Calvia"]
[Site "Calvia"]
[Date "2007.10.18"]
[Round "4.6"]
[White "Karlsson, Lars"]
[Black "Malakhatko, Vadim"]
[Result "0-1"]
[WhiteElo "2485"]
[BlackElo "2596"]
[PlyCount "52"]
[EventDate "2007.??.??"]

1. f4 d5 2. e3 g6 3. Nf3 Bg7 4. Be2 c5 5. O-O Nc6 6. Bb5 Bd7 7. d3 Nf6 8. Qe2
a6 9. Bxc6 Bxc6 10. Ne5 Qc7 11. Nd2 O-O 12. Ndf3 Be8 13. e4 b5 14. f5 Qb7 15.
fxg6 hxg6 16. Ng5 dxe4 17. dxe4 Nh5 18. Nef3 e5 19. g4 Nf4 20. Bxf4 exf4 21. e5
Bc6 22. Rae1 Rfe8 23. Ne4 Re7 24. g5 Rae8 25. Nd6 Bxf3 26. Qf2 Rxe5 0-1

[Event "IV Open Internacional Calvia "]
[Site "?"]
[Date "2007.10.18"]
[Round "4.7"]
[White "Berg, Emanuel"]
[Black "Carlsson, Pontus"]
[Result "1/2-1/2"]
[WhiteElo "2595"]
[BlackElo "2481"]
[PlyCount "45"]
[EventDate "2007.??.??"]

1. Nf3 Nf6 2. c4 c6 3. Nc3 d5 4. d4 dxc4 5. a4 Bf5 6. Ne5 Nbd7 7. Nxc4 Qc7 8.
g3 Rd8 9. Bf4 Qc8 10. Qb3 Be6 11. e4 g6 12. Rc1 Bg7 13. Be2 O-O 14. O-O Bxc4
15. Qxc4 Nb6 16. Qb4 Nxe4 17. Nxe4 Rxd4 18. Bc4 Nd5 19. Qe1 Nxf4 20. gxf4 Qg4+
21. Ng3 Rxf4 22. b3 Bd4 23. Rd1 1/2-1/2

[Event "IV Open Internacional Calvia"]
[Site "Calvia"]
[Date "2007.10.18"]
[Round "4.8"]
[White "Orlov, Andrey"]
[Black "Kuzubov, Yuriy"]
[Result "1/2-1/2"]
[WhiteElo "2481"]
[BlackElo "2582"]
[PlyCount "29"]
[EventDate "2007.??.??"]

1. e4 c5 2. Nf3 Nc6 3. Bb5 g6 4. Bxc6 dxc6 5. d3 Bg7 6. Nc3 Bg4 7. h3 Bxf3 8.
Qxf3 Nf6 9. O-O O-O 10. Qe2 e5 11. Be3 Qe7 12. a3 a5 13. a4 b6 14. Bg5 h6 15.
Qd1 1/2-1/2

[Event "IV Open Internacional Calvia"]
[Site "Calvia"]
[Date "2007.10.18"]
[Round "4.9"]
[White "Wirig, Anthony"]
[Black "Spraggett, Kevin"]
[Result "1/2-1/2"]
[WhiteElo "2467"]
[BlackElo "2580"]
[PlyCount "34"]
[EventDate "2007.??.??"]

1. d4 Nf6 2. Nf3 g6 3. c4 Bg7 4. g3 d6 5. Bg2 c6 6. Nc3 a6 7. O-O O-O 8. h3 b5
9. b3 Nbd7 10. Bg5 Bb7 11. Nd2 Qa5 12. Nce4 Rfe8 13. Bxf6 Nxf6 14. Nxf6+ Bxf6
15. e3 Rab8 16. Rc1 Rec8 17. Rc2 Bg7 1/2-1/2

[Event "IV Open Internacional Calvia"]
[Site "Calvia"]
[Date "2007.10.18"]
[Round "4.10"]
[White "Hamdouchi, Hichem"]
[Black "Bykhovsky, Anatoly"]
[Result "1-0"]
[WhiteElo "2576"]
[BlackElo "2364"]
[PlyCount "129"]
[EventDate "2007.??.??"]

1. e4 c5 2. Nf3 Nc6 3. d4 cxd4 4. Nxd4 Nf6 5. Nc3 e5 6. Ndb5 d6 7. Bg5 a6 8.
Na3 b5 9. Bxf6 gxf6 10. Nd5 f5 11. c3 Bg7 12. exf5 Bxf5 13. Nc2 Be6 14. g3 O-O
15. Bg2 Rc8 16. O-O Ne7 17. a4 Rc5 18. Nxe7+ Qxe7 19. Nb4 bxa4 20. Qxa4 d5 21.
Qa3 Re8 22. Nxa6 Rcc8 23. Qxe7 Rxe7 24. Nb4 d4 25. cxd4 exd4 26. Rfe1 Ree8 27.
Bc6 Red8 28. Be4 Bf8 29. Nd3 Rb8 30. Rac1 Rb3 31. Red1 Bg4 32. f3 Be6 33. g4
Bc8 34. Bd5 Rb6 35. Rc7 Rf6 36. Be4 Ba6 37. b3 Bh6 38. Kg2 Be3 39. Ra1 Rb6 40.
Ra3 Bxd3 41. Bxd3 Bf4 42. Rc4 Be3 43. b4 Rdb8 44. Rb3 Ra8 45. b5 Ra2+ 46. Rc2
Rxc2+ 47. Bxc2 h6 48. Be4 Kf8 49. Kf1 Ke7 50. Ke2 Kd6 51. Kd3 Kc5 52. Bc6 Rb8
53. Rb2 h5 54. Rc2+ Kb6 55. gxh5 Rh8 56. Bd7 Rxh5 57. Rc6+ Kb7 58. Bc8+ Kb8 59.
Ba6 Ka7 60. Rf6 Rxh2 61. Rxf7+ Kb6 62. f4 Rh3 63. Kc4 d3 64. Rf6+ Ka5 65. Bc8
1-0

[Event "IV Open Internacional Calvia"]
[Site "Calvia"]
[Date "2007.10.18"]
[Round "4.11"]
[White "Manik, Mikulas"]
[Black "Gharamian, Tigran"]
[Result "1/2-1/2"]
[WhiteElo "2420"]
[BlackElo "2557"]
[PlyCount "74"]
[EventDate "2007.??.??"]

1. e4 c5 2. Nf3 d6 3. d4 cxd4 4. Nxd4 Nf6 5. Nc3 a6 6. Bg5 e6 7. f4 Nc6 8. Nxc6
bxc6 9. e5 h6 10. Bh4 g5 11. fxg5 Nd5 12. Nxd5 exd5 13. Qh5 Qb6 14. Bd3 Qe3+
15. Kd1 hxg5 16. Qxg5 Qxg5 17. Bxg5 dxe5 18. Bf6 Rh5 19. Be2 Rf5 20. Rf1 Rxf1+
21. Bxf1 Bg4+ 22. Be2 Bxe2+ 23. Kxe2 Kd7 24. Rf1 Ke6 25. g4 Rb8 26. b3 Rb4 27.
h3 Re4+ 28. Kd1 c5 29. Bg5 Bg7 30. Bd2 Bf6 31. Rf3 Bh4 32. Be3 c4 33. Bd2 f6
34. Rf5 Bg3 35. Rf3 Bh4 36. Rf5 Bg3 37. Rf3 Bh4 1/2-1/2

[Event "IV Open Internacional Calvia"]
[Site "?"]
[Date "2007.10.18"]
[Round "4.12"]
[White "Damljanovic, Branko"]
[Black "Sibilio, Mario"]
[Result "1-0"]
[WhiteElo "2608"]
[BlackElo "2381"]
[PlyCount "39"]
[EventDate "2007.??.??"]

1. Nf3 g6 2. d4 Bg7 3. c4 d6 4. Nc3 c6 5. e4 Bg4 6. Be3 Nd7 7. Be2 Bxf3 8. Bxf3
Ngf6 9. Rc1 O-O 10. g4 e5 11. d5 cxd5 12. cxd5 a6 13. h4 Qe7 14. g5 Ne8 15. h5
f5 16. gxf6 Nexf6 17. hxg6 hxg6 18. Rg1 Qf7 19. Bg4 Nxg4 20. Qxg4 1-0

[Event "IV Open Internacional Calvia"]
[Site "Calvia"]
[Date "2007.10.18"]
[Round "4.13"]
[White "Aloma Vidal, Robert"]
[Black "Gagunashvili, Merab"]
[Result "1-0"]
[WhiteElo "2398"]
[BlackElo "2584"]
[PlyCount "117"]
[EventDate "2007.??.??"]

1. d4 g6 2. c4 d6 3. Nf3 Bg7 4. Nc3 e5 5. e4 exd4 6. Nxd4 Nc6 7. Be3 Nge7 8.
Be2 O-O 9. O-O f5 10. exf5 Nxf5 11. Nxf5 Bxf5 12. c5 dxc5 13. Bxc5 Qxd1 14.
Bc4+ Kh8 15. Raxd1 Rfd8 16. Bd5 Bxc3 17. bxc3 Bc2 18. Rd4 b6 19. Bxc6 bxc5 20.
Rf4 Rab8 21. h4 Rb2 22. Re1 Rb1 23. Rxb1 Bxb1 24. Ra4 Rd3 25. Ra3 Rd1+ 26. Kh2
Rd2 27. Rxa7 Bxa2 28. Kg3 Rd3+ 29. Kf4 Bg8 30. Ra3 c4 31. Be4 Rd1 32. g4 Kg7
33. Ra7 Rd7 34. f3 Bf7 35. Ra5 Kf6 36. Rc5 Kg7 37. Rg5 Kf6 38. Rc5 Kg7 39. Rc6
Re7 40. Kg5 Re5+ 41. Kf4 Re7 42. Ra6 Bg8 43. Ke3 Rd7 44. Ra2 Be6 45. Rd2 Re7
46. Rd8 Rf7 47. Kd4 Kf6 48. Re8 Rd7+ 49. Kc5 Rd1 50. g5+ Kf7 51. Ra8 Rc1 52.
Kd4 Rh1 53. Ra7 Rxh4 54. Ke5 Bd7 55. Rxc7 Ke8 56. Rxc4 Kd8 57. Rb4 Kc7 58. Rb7+
Kc8 59. Ra7 1-0

[Event "IV Open Internacional Calvia"]
[Site "Calvia"]
[Date "2007.10.18"]
[Round "4.14"]
[White "Das, Arghyadip"]
[Black "Maze, Sebastien"]
[Result "0-1"]
[WhiteElo "2367"]
[BlackElo "2576"]
[PlyCount "96"]
[EventDate "2007.??.??"]

1. e4 c5 2. Nf3 Nc6 3. d4 cxd4 4. Nxd4 Nf6 5. Nc3 d6 6. Bg5 Bd7 7. Qd2 Rc8 8.
O-O-O Nxd4 9. Qxd4 Qa5 10. h4 h6 11. Be3 a6 12. f3 g6 13. a3 Bg7 14. Nd5 Ba4
15. Nc3 Bc6 16. Qd2 b5 17. Nd5 Qxd2+ 18. Rxd2 Nxd5 19. exd5 Bd7 20. Bd4 O-O 21.
Be3 a5 22. Bd4 b4 23. axb4 axb4 24. Bxg7 Kxg7 25. Rd4 b3 26. Bd3 bxc2 27. Re1
Rc5 28. Bc4 Bf5 29. g4 Ra8 30. Kd2 Rac8 31. b3 e5 32. dxe6 Bxe6 33. Rc1 Bxc4
34. bxc4 Rxc4 35. Rxd6 Rc3 36. Rd3 R3c5 37. Rd6 R8c7 38. Ke2 h5 39. Rd2 Kh6 40.
Rd4 Rc3 41. g5+ Kg7 42. Rb4 Kf8 43. Kd2 R7c5 44. Re4 Rxf3 45. Re2 Rf4 46. Rxc2
Rxc2+ 47. Kxc2 Rxh4 48. Kd3 Rf4 0-1

[Event "IV Open Internacional Calvia"]
[Site "Calvia"]
[Date "2007.10.18"]
[Round "4.15"]
[White "Fierro Baquero, Martha L"]
[Black "Romanishin, Oleg M"]
[Result "1/2-1/2"]
[WhiteElo "2345"]
[BlackElo "2547"]
[PlyCount "63"]
[EventDate "2007.??.??"]

1. e4 e5 2. Nf3 Nc6 3. Bb5 a6 4. Ba4 Nf6 5. d3 d6 6. c3 g6 7. Bg5 Bg7 8. Nbd2
h6 9. Bh4 O-O 10. h3 g5 11. Bg3 Ne7 12. Nh2 Ng6 13. Ng4 Nf4 14. Qf3 c6 15. Bc2
b5 16. Nf1 b4 17. Nfe3 bxc3 18. bxc3 h5 19. Nxf6+ Qxf6 20. h4 g4 21. Qd1 Bh6
22. O-O Ng6 23. Nf5 Bxf5 24. exf5 Nxh4 25. d4 Rfe8 26. dxe5 dxe5 27. Qe2 e4 28.
Bxe4 Nxf5 29. Qc4 Re6 30. Bc2 Rd8 31. Rad1 Rxd1 32. Rxd1 1/2-1/2

[Event "IV Open Internacional Calvia"]
[Site "Calvia"]
[Date "2007.10.18"]
[Round "4.17"]
[White "Tscharotschkin, Michael"]
[Black "Jedynak, Radoslaw"]
[Result "0-1"]
[WhiteElo "2290"]
[BlackElo "2543"]
[PlyCount "78"]
[EventDate "2007.??.??"]

1. e4 c5 2. c3 e6 3. d4 d5 4. exd5 exd5 5. Be3 cxd4 6. Bxd4 Nc6 7. Bb5 a6 8.
Bxc6+ bxc6 9. Nf3 Nf6 10. O-O Be7 11. Ne5 Bb7 12. Nd2 O-O 13. Nb3 a5 14. Re1 a4
15. Nc5 Bxc5 16. Bxc5 Re8 17. Qd4 Ne4 18. Nd3 Ba6 19. Nb4 Qa5 20. Nxa6 Qxa6 21.
f3 Ng5 22. Qg4 Ne6 23. Bd4 Qb7 24. Rab1 Nxd4 25. Rxe8+ Rxe8 26. Qxd4 Qb5 27. c4
dxc4 28. Rc1 c5 29. Qc3 h6 30. a3 Rd8 31. h3 Rd4 32. Re1 Qb3 33. Re8+ Kh7 34.
Ra8 Qd1+ 35. Kh2 Qe2 36. Qc1 Rd2 37. Qg1 Qe5+ 38. Kh1 Re2 39. f4 Qe4 0-1

[Event "IV Open Internacional Calvia"]
[Site "Calvia"]
[Date "2007.10.18"]
[Round "4.19"]
[White "Habibi, Ali"]
[Black "Heberla, Bartlomiej"]
[Result "0-1"]
[WhiteElo "2269"]
[BlackElo "2502"]
[PlyCount "56"]
[EventDate "2007.??.??"]

1. Nf3 Nc6 2. c4 e5 3. d3 f5 4. a3 Nf6 5. Nc3 d5 6. cxd5 Nxd5 7. Bd2 Be7 8. g3
Be6 9. Bg2 Nb6 10. a4 a5 11. Qc1 Nd4 12. Nb5 Nxf3+ 13. Bxf3 c6 14. Nc3 Nd7 15.
Be3 Nc5 16. Bxc5 Bxc5 17. O-O O-O 18. Bg2 Qb6 19. Nb1 f4 20. gxf4 Rxf4 21. e3
Rb4 22. Nd2 Be7 23. Qc3 Bf6 24. Rfb1 Rd8 25. Be4 Bd5 26. b3 Kh8 27. Ra2 Rf8 28.
Nc4 Rxc4 0-1

[Event "IV Open Internacional Calvia"]
[Site "Calvia"]
[Date "2007.10.18"]
[Round "4.20"]
[White "Cabrera, Alexis"]
[Black "Zozulia, Anna"]
[Result "1-0"]
[WhiteElo "2499"]
[BlackElo "2343"]
[PlyCount "81"]
[EventDate "2007.??.??"]

1. e4 g6 2. d4 Bg7 3. Nf3 d6 4. c3 c6 5. Be2 Nf6 6. Nbd2 O-O 7. O-O Qc7 8. a4
e5 9. dxe5 dxe5 10. Qc2 Nbd7 11. b4 b6 12. Nc4 Bb7 13. Be3 c5 14. Nfd2 cxb4 15.
cxb4 Rfd8 16. Rfc1 Rac8 17. Qb2 Qb8 18. f3 Ba8 19. Na3 Nf8 20. Bc4 Qd6 21. Qb3
Qe7 22. Nb5 Nh5 23. Bxf7+ Kh8 24. g3 a6 25. Na3 Rxc1+ 26. Rxc1 Bf6 27. Nf1 Bg5
28. Nc2 b5 29. axb5 axb5 30. Bd5 Bxd5 31. exd5 Nd7 32. Rd1 Bxe3+ 33. Ncxe3 Nb6
34. Nd2 Qf7 35. d6 Qxb3 36. Nxb3 Nf6 37. Nc5 Ne8 38. d7 Nc7 39. Rd6 Nca8 40.
Ng4 Nc4 41. Re6 1-0

[Event "IV Open Internacional Calvia"]
[Site "Calvia"]
[Date "2007.10.18"]
[Round "4.22"]
[White "Drazic, Sinisa"]
[Black "Aleskerov, Faik"]
[Result "1-0"]
[WhiteElo "2493"]
[BlackElo "2327"]
[PlyCount "73"]
[EventDate "2007.??.??"]

1. e4 d5 2. exd5 Qxd5 3. Nc3 Qa5 4. g3 h5 5. Nf3 Nf6 6. Bg2 Nc6 7. O-O h4 8.
Nxh4 Bg4 9. Bf3 Bh3 10. Re1 Nd4 11. b4 Qb6 12. a4 g5 13. a5 Qd6 14. Ng2 g4 15.
Bxb7 c6 16. Re3 Rb8 17. a6 Bxg2 18. Kxg2 Nd5 19. Qxg4 Nxe3+ 20. dxe3 Nxc2 21.
Ra5 Ne1+ 22. Kf1 Rxh2 23. Kxe1 Rh1+ 24. Ke2 Rxc1 25. Rc5 e6 26. Bxc6+ Kd8 27.
Qh4+ Qe7 28. Qd4+ Qd6 29. Qf6+ Qe7 30. Qd4+ Qd6 31. Qf6+ Qe7 32. Qf4 Rc8 33.
Nd5 e5 34. Nxe7 exf4 35. Rxc1 Kxe7 36. gxf4 Kd6 37. b5 1-0

[Event "IV Open Internacional Calvia"]
[Site "Calvia"]
[Date "2007.10.18"]
[Round "4.24"]
[White "Rosberg, Simon"]
[Black "Marzolo, Cyril"]
[Result "0-1"]
[WhiteElo "2213"]
[BlackElo "2478"]
[PlyCount "102"]
[EventDate "2007.??.??"]

1. d4 Nf6 2. c4 g6 3. Nc3 Bg7 4. e4 d6 5. f3 O-O 6. Be3 e5 7. Nge2 c6 8. Qd2
Nbd7 9. g4 a6 10. d5 cxd5 11. Nxd5 Nxd5 12. Qxd5 Nf6 13. Qd2 b5 14. Nc3 b4 15.
Nd5 Nxd5 16. Qxd5 Be6 17. Qd2 f5 18. gxf5 gxf5 19. O-O-O fxe4 20. fxe4 Qh4 21.
Bd3 Kh8 22. Kb1 a5 23. Rhg1 Bf6 24. Bf2 Qh3 25. Bf1 Qxh2 26. Rg2 Qh5 27. Be2
Qf7 28. Rh1 Qc7 29. Rgh2 Bg8 30. Qc2 Bg5 31. Bg4 Rf7 32. Bf5 Rg7 33. Bh4 Bxh4
34. Rxh4 Qc5 35. Qc1 Raa7 36. Rh6 Bxc4 37. Qe1 Bg8 38. Qf1 Raf7 39. Qd1 Rg2 40.
Rxd6 Rfg7 41. Rf1 Rg1 42. Bh3 Rxf1 43. Bxf1 Rg1 44. Rf6 Qe3 45. Rf8 Qxe4+ 46.
Ka1 Qc4 47. b3 Qd4+ 48. Qxd4 exd4 49. Kb2 Kg7 50. Rf4 Be6 51. Bd3 Rg3 0-1

[Event "IV Open Internacional Calvia"]
[Site "Calvia"]
[Date "2007.10.18"]
[Round "4.25"]
[White "Zugic, Igor"]
[Black "Rodriguez Lopez, Rafael"]
[Result "1-0"]
[WhiteElo "2477"]
[BlackElo "2281"]
[PlyCount "87"]
[EventDate "2007.??.??"]

1. d4 d5 2. Nf3 c6 3. g3 Bf5 4. Bg2 Nf6 5. Nbd2 h6 6. O-O e6 7. c4 Be7 8. b3
O-O 9. Bb2 Nbd7 10. e3 Ne4 11. Qe2 a5 12. a3 Qb8 13. Rfc1 Re8 14. Ne1 Nxd2 15.
Qxd2 a4 16. b4 Nb6 17. c5 Nc4 18. Rxc4 dxc4 19. e4 Bg6 20. Qc3 Bf6 21. Qxc4 Rd8
22. Nc2 b5 23. cxb6 Qxb6 24. e5 Bxe5 25. dxe5 Rd2 26. Nd4 Rxb2 27. Qc3 Rb1+ 28.
Rxb1 Bxb1 29. Qxc6 Rb8 30. Qxb6 Rxb6 31. f4 Ba2 32. Kf2 Kf8 33. Ke3 Ke7 34. Bc6
Bb3 35. Kd3 f6 36. b5 fxe5 37. fxe5 Bd1 38. Kc4 Rb8 39. Kc5 Bh5 40. b6 Be8 41.
b7 Bd7 42. Kb6 Kd8 43. Bxd7 Kxd7 44. Nc6 1-0

[Event "IV Open Internacional Calvia"]
[Site "Calvia"]
[Date "2007.10.18"]
[Round "4.26"]
[White "Fernandez Romero, Ernesto"]
[Black "Andersson, Tommy"]
[Result "0-1"]
[WhiteElo "2459"]
[BlackElo "2273"]
[PlyCount "84"]
[EventDate "2007.??.??"]

1. e4 c5 2. Nf3 d6 3. d4 cxd4 4. Nxd4 Nf6 5. Nc3 a6 6. Bg5 e6 7. f4 Qb6 8. Qd2
Qxb2 9. Rb1 Qa3 10. e5 dxe5 11. fxe5 Nfd7 12. Ne4 Qxa2 13. Rd1 Qd5 14. Qe3 Qxe5
15. Bf4 Qa5+ 16. c3 Nf6 17. Nxf6+ gxf6 18. Bc4 Qc5 19. Bb3 Nc6 20. O-O Bd7 21.
Kh1 O-O-O 22. Qe2 e5 23. Nxc6 Qxc6 24. Bd5 Qc7 25. Bg3 Be7 26. Bxf7 Bc6 27.
Be6+ Kb8 28. Rb1 Rd6 29. Bc4 Rhd8 30. Rb2 Qd7 31. Be1 Bd5 32. Bxd5 Rxd5 33.
Qxa6 Rd6 34. Qe2 Rd1 35. Qe4 h6 36. c4 Rc8 37. Qf3 Rc6 38. h3 Rd3 39. Qh5 Rxc4
40. Bh4 Rxh3+ 41. gxh3 Qxh3+ 42. Kg1 Bc5+ 0-1

[Event "IV Open Internacional Calvia"]
[Site "Calvia"]
[Date "2007.10.18"]
[Round "4.27"]
[White "Molina, Jorge"]
[Black "Iturrizaga, Eduardo"]
[Result "0-1"]
[WhiteElo "2201"]
[BlackElo "2435"]
[PlyCount "116"]
[EventDate "2007.??.??"]

1. d4 Nf6 2. c4 c5 3. d5 b5 4. cxb5 a6 5. bxa6 g6 6. Nc3 Bxa6 7. Nf3 d6 8. Nd2
Bg7 9. e4 Bxf1 10. Nxf1 Qa5 11. Nd2 O-O 12. O-O Nbd7 13. Nc4 Qa6 14. Qe2 Rfb8
15. Rb1 Nb6 16. Nxb6 Qxe2 17. Nxe2 Rxb6 18. Nc3 Rb4 19. Re1 Ng4 20. Bd2 Bd4 21.
Re2 Ne5 22. Nd1 Rc4 23. a3 Rb8 24. Be3 Rb3 25. f3 Nd3 26. Bxd4 cxd4 27. Rd2 e5
28. dxe6 fxe6 29. Nf2 Nc5 30. Kf1 e5 31. Ke1 Re3+ 32. Kd1 h5 33. Re2 Rxe2 34.
Kxe2 Rc2+ 35. Kf1 Nb3 36. Ke1 Kf7 37. h4 Ke7 38. g3 Kd7 39. f4 Ke6 40. a4 Kf6
41. a5 Nxa5 42. b4 Nc4 43. b5 Nb6 44. Nd3 Rg2 45. Rc1 Nd7 46. Rc6 Rxg3 47. Kd2
Ke6 48. b6 exf4 49. Nxf4+ Ke5 50. Ne2 Rb3 51. Nxd4 Kxd4 52. Rxd6+ Kxe4 53. Rxd7
Rxb6 54. Rf7 Rb2+ 55. Ke1 Rg2 56. Rf1 Rg4 57. Rh1 Kf3 58. Kf1 Ra4 0-1

[Event "IV Open Internacional Calvia"]
[Site "Calvia"]
[Date "2007.10.18"]
[Round "4.28"]
[White "Arakhamia-Grant, Ketevan"]
[Black "Barcelo, Pedro"]
[Result "1-0"]
[WhiteElo "2432"]
[BlackElo "2190"]
[PlyCount "87"]
[EventDate "2007.??.??"]

1. e4 e6 2. d4 d5 3. Nc3 Nf6 4. e5 Nfd7 5. f4 c5 6. Nf3 Nc6 7. Be3 a6 8. Qd2 b5
9. a3 Qb6 10. dxc5 Bxc5 11. Bxc5 Nxc5 12. b4 Nd7 13. Bd3 f6 14. exf6 Nxf6 15.
Qf2 Qxf2+ 16. Kxf2 O-O 17. Rhe1 d4 18. Ne2 e5 19. fxe5 Nxe5 20. Nxe5 Ng4+ 21.
Kg1 Nxe5 22. Be4 Ra7 23. Bd5+ Kh8 24. Nxd4 Ng6 25. Be4 Rc7 26. Nb3 Ne7 27. Nc5
g6 28. Rad1 a5 29. Rd6 axb4 30. axb4 Nf5 31. Bxf5 Bxf5 32. c3 Ra7 33. h3 Ra3
34. Re3 h5 35. Rb6 h4 36. Rb7 Ra1+ 37. Kh2 Bc8 38. Rc7 Bf5 39. Ree7 g5 40. Ne6
Rg8 41. Nd4 Bd3 42. Nxb5 g4 43. hxg4 Rxg4 44. Nd6 1-0

[Event "IV Open Internacional Calvia"]
[Site "Calvia"]
[Date "2007.10.18"]
[Round "4.29"]
[White "Mack, Wolfgang"]
[Black "Larino Nieto, David"]
[Result "0-1"]
[WhiteElo "2200"]
[BlackElo "2428"]
[PlyCount "54"]
[EventDate "2007.??.??"]

1. e4 c5 2. Nc3 e6 3. g3 d5 4. exd5 exd5 5. d4 Nc6 6. dxc5 Nf6 7. Bg2 d4 8. Ne4
Nxe4 9. Bxe4 Bxc5 10. Ne2 O-O 11. O-O Re8 12. Bxc6 bxc6 13. Nf4 Bb6 14. Bd2 Qd7
15. Qh5 a5 16. Rfe1 Bb7 17. Rxe8+ Rxe8 18. Re1 Rxe1+ 19. Bxe1 c5 20. b3 Qc6 21.
Kf1 Qe4 22. Nd3 Ba6 23. Bd2 g6 24. Qg5 Bc8 25. Qh4 Qf3 26. Qe7 Bh3+ 27. Ke1
Qh1+ 0-1

[Event "IV Open Internacional Calvia"]
[Site "Calvia"]
[Date "2007.10.18"]
[Round "4.30"]
[White "Farrell, Neil"]
[Black "Gonzalez, Rodriguez Jorge A"]
[Result "1-0"]
[WhiteElo "2194"]
[BlackElo "2405"]
[PlyCount "90"]
[EventDate "2007.??.??"]

1. d4 Nf6 2. c4 c5 3. d5 e5 4. Nc3 d6 5. e4 g6 6. Be2 Bg7 7. g4 h5 8. g5 Nh7 9.
h4 f6 10. Nh3 Bxh3 11. Rxh3 fxg5 12. Bxh5 gxh5 13. Qxh5+ Ke7 14. Qg6 Qg8 15.
hxg5 Nf8 16. Qf5 Rxh3 17. Qxh3 Nbd7 18. Be3 a6 19. O-O-O Qf7 20. Ne2 Kd8 21.
Ng3 Kc7 22. Nf5 b5 23. Qf1 bxc4 24. Qxc4 Nb6 25. Qc3 Nfd7 26. b4 Bf8 27. Kb1
Kb7 28. Rc1 Rc8 29. Qa3 c4 30. Qa5 Qh5 31. Ng3 Qe8 32. Nf5 c3 33. b5 axb5 34.
Qxb5 Rc4 35. Bxb6 Qc8 36. Bc5+ Kc7 37. Qxc4 Nxc5 38. Rxc3 Qb7+ 39. Rb3 Qa7 40.
Rh3 Qa5 41. Rc3 Kd8 42. g6 Qa7 43. g7 Bxg7 44. Nxd6 Nd7 45. Qc8+ Ke7 1-0

[Event "IV Open Internacional Calvia"]
[Site "Calvia"]
[Date "2007.10.18"]
[Round "4.31"]
[White "Teran Alvarez, Ismael"]
[Black "Thomassen, Thomas"]
[Result "1-0"]
[WhiteElo "2402"]
[BlackElo "2041"]
[PlyCount "59"]
[EventDate "2007.??.??"]

1. e4 c6 2. d4 d5 3. Nd2 dxe4 4. Nxe4 Nd7 5. Ng5 Ngf6 6. Bd3 e6 7. Qe2 Bd6 8.
N1f3 h6 9. Ne4 Nxe4 10. Qxe4 Qc7 11. Qg4 Kf8 12. O-O c5 13. dxc5 Nxc5 14. Be3
b6 15. Rfe1 Bb7 16. Bd4 Rg8 17. Bh7 h5 18. Qxh5 Rh8 19. Ng5 Bf4 20. Be5 Bxe5
21. Rxe5 Qe7 22. Rae1 Re8 23. R5e3 f6 24. Nxe6+ Nxe6 25. Qg4 Bc8 26. Bf5 Qd6
27. h3 g5 28. Bxe6 Rh4 29. Qe2 Bb7 30. Bg4 1-0

[Event "IV Open Internacional Calvia"]
[Site "Calvia"]
[Date "2007.10.18"]
[Round "4.33"]
[White "Gurbanzade, Erkin"]
[Black "Thomassen, Joachim"]
[Result "1/2-1/2"]
[WhiteElo "2179"]
[BlackElo "2263"]
[PlyCount "114"]
[EventDate "2007.??.??"]

1. e4 e5 2. Nf3 Nc6 3. d4 exd4 4. Nxd4 Nf6 5. Nc3 Bb4 6. Nxc6 bxc6 7. Bd3 d5 8.
exd5 cxd5 9. O-O O-O 10. Bg5 c6 11. Qf3 h6 12. Bf4 Bd6 13. h3 Rb8 14. b3 Rb4
15. Ne2 Bxf4 16. Nxf4 Qd6 17. Ne2 Re8 18. c4 Be6 19. Rad1 a5 20. Rfe1 a4 21.
Nd4 axb3 22. axb3 Rbb8 23. Nf5 Bxf5 24. Qxf5 Rxe1+ 25. Rxe1 g6 26. c5 Qd8 27.
Qe5 Rxb3 28. Bc2 Rb5 29. Ra1 Kg7 30. Ra7 Qe8 31. Re7 Qf8 32. Qd6 Rb8 33. Rc7
Qxd6 34. cxd6 Rd8 35. Rxc6 Ne8 36. Bb3 d4 37. Kf1 Rxd6 38. Rc8 Nf6 39. Rc7 Rd7
40. Rc1 Ne4 41. Rd1 d3 42. f3 Nc5 43. Bc4 Rd4 44. Bb5 Kf6 45. Kf2 Ke5 46. Ke3
f5 47. Bxd3 f4+ 48. Ke2 Kf6 49. Rc1 Nxd3 50. Rd1 Kg5 51. Rxd3 Rxd3 52. Kxd3 Kh4
53. Ke2 Kg3 54. Kf1 g5 55. Kg1 h5 56. Kf1 Kh2 57. Kf2 h4 1/2-1/2

[Event "IV Open Internacional Calvia"]
[Site "Calvia"]
[Date "2007.10.18"]
[Round "4.34"]
[White "Strikovic, Aleksa"]
[Black "Pons Servera, Cristobal"]
[Result "1-0"]
[WhiteElo "2551"]
[BlackElo "2146"]
[PlyCount "37"]
[EventDate "2007.??.??"]

1. c4 e5 2. g3 Nf6 3. Bg2 Nc6 4. Nc3 Bb4 5. Nd5 Bc5 6. e3 O-O 7. Ne2 Re8 8. O-O
Nb4 9. d4 Nbxd5 10. dxc5 Ne7 11. Nc3 Rb8 12. b4 b6 13. cxb6 axb6 14. e4 d6 15.
Bg5 Nc6 16. Nd5 Nd4 17. f4 Ne6 18. Bxf6 gxf6 19. fxe5 1-0